Statistiques concernant Pokemon OU

Cliquez ici pour prendre le quiz!

Statistiques générales

  • Ce quiz a été pris 169 fois
  • Le résultat moyen est 30 sur 52

Statistiques - réponses

Hint Answer % Correct
Acier-VolAirmure
94%
PsyAlakazam
80%
Dragon-VolDracolosse
80%
Feu-VolDracaufeu
79%
Eau-FéeAzumarill
76%
Poison-SpectreEctoplasma
73%
Plante-PoisonFlorizarre
71%
Acier-InsecteCizayox
69%
Dragon-SolCarchacrok
69%
Acier-PsyMetalosse
68%
Sol-VolDémétéros Totémique
68%
Acier-ElectriqueMagnézone
67%
Dragon-PsyLatios
67%
Dragon-PsyLatias
67%
Dragon-GlaceKyurem-Noir
67%
Spectre-TénebreTénéfix
67%
Combat-PlanteChapignon
66%
Acier-FeuHeatran
66%
VolBoréas Totémique
65%
Acier-PlanteNoacier
65%
Roche-TénebreTyranocif
64%
Sol-VolScorvol
63%
Feu-VolFlambusard
62%
Dragon-VolAltaria
61%
Glace-TénebreDimoret
61%
Fée-PsyGardevoir
60%
Combat-PsyCharmina
60%
Eau-VolLéviator
59%
Acier-FéeTrousselin
59%
Combat-EauKeldeo
58%
Electrique-VolFulguris
57%
FéeMélodelfe
56%
Psy-TénebreHoopa Déchaîné
56%
ElectriqueElecsprint
52%
Eau-PsyFlagadoss
51%
NormalLeveinard
50%
Eau-PsyStaross
48%
Acier-TénebreScalproie
48%
Eau-ElectriqueMotisma-Laveuse
47%
Acier-PsyJirachi
46%
SolHippodocus
46%
Plante-PsyCelebi
46%
InsecteScarabrute
44%
Acier-SolMinotaupe
42%
Roche-PsyDiancie
42%
PsyMew
40%
FéeNymphali
40%
CombatBetochef
39%
NormalLockpin
35%
PlanteMajaspic
30%
EauManaphy
22%
ElectriqueRaikou
19%

Distribution des résultats

Percentile par nombre de réponses

% des personnes avec chaque résultat

Votre développement - résultats

Vous n’avez pas pris ce quiz